000 00575nam a2200217Ia 4500
003 OSt
005 20221007071757.0
006 a|||||r|||| 00| 0
007 ta
008 221006b |||||||| |||| 00| 0 eng d
024 _a26,136
037 _cTextual
040 _aFLL
_cFLL
_beng
041 _2eng
_aeng
082 _aD854.3.N7t, L9
245 0 _aEnfironmental planning in Britain
260 _aLondon
_bHer Majesty's Stationery Office London
_c1979
300 _a1-65p
_ccm.
942 _hD854.3.N7t, L9
_cTEXL
_2CC
999 _c1144290
_d1144290